| 000 | 005690000a22001810004500 | ||
|---|---|---|---|
| 003 | MACL | ||
| 005 | 20160421162642.0 | ||
| 008 | 160421b xxu||||| |||| 00| 0 eng d | ||
| 040 |
_aMACL _cMACL |
||
| 041 | _aHindi | ||
| 082 | _a780 | ||
| 100 |
_aश्री सुधीर माईणकर _953251 |
||
| 245 | _aतबला वादन कला और शास्त्र | ||
| 260 |
_bअ भा गांधर्व महाविघालय मंडल _c2000 _aमिरज |
||
| 350 | _a240 | ||
| 650 |
_aMusic _953252 |
||
| 942 |
_cHIN _k780 _2ddc |
||
| 999 |
_c9119 _d9119 |
||